[Event "Tripoli Winter op"]
[Site "Tripoli"]
[Date "2018.02.10"]
[Round "6"]
[White "Alrabti, Noureddine Ali"]
[Black "Alwaher, Faisal"]
[Result "1-0"]
[WhiteElo "2001"]
[BlackElo "1329"]
[PlyCount "106"]
[EventDate "2018.02.05"]
[EventType "swiss"]
[EventRounds "9"]
[EventCountry "LBY"]
[SourceTitle "CBM 182 Extra"]
[Source "ChessBase"]
[SourceDate "2018.02.23"]
[SourceVersion "1"]
[SourceVersionDate "2018.02.23"]
[SourceQuality "1"]

1. e4 e5 2. g3 Nc6 3. Bg2 Nf6 4. d3 h6 5. Nf3 d5 6. exd5 Nxd5 7. 0-0 Be6 8. Re1 Bd6 9. Nbd2 f6 10. Ne4 Be7 11. a3 Qd7 12. d4 Bg4 13. Qd3 Bxf3 14. Bxf3 Nb6 15. Bh5+ Kf8 16. Qb3 Qd5 17. Qxd5 Nxd5 18. c4 Nxd4 19. cxd5 Nc2 20. Be3 Nxa1 21. Rxa1 Rd8 22. Rc1 f5 23. Nc5 Rxd5 24. Ne6+ Kg8 25. Rxc7 Bf6 26. Bg6 f4 27. Rc8+ Bd8 28. Nxd8 Kf8 29. Bc5+ Rxc5 30. Rxc5 Ke7 31. Nxb7 Kf6 32. Be4 g5 33. Rc6+ Ke7 34. Kg2 g4 35. f3 h5 36. Nc5 gxf3+ 37. Bxf3 h4 38. Re6+ Kf8 39. Rxe5 hxg3 40. hxg3 fxg3 41. Nd3 Rh7 42. Nf4 Rd7 43. Kxg3 Rd2 44. Kg4 Rxb2 45. Ra5 Rf2 46. Rxa7 Rf1 47. a4 Ra1 48. a5 Rg1+ 49. Kf5 Ra1 50. Bc6 Rf1 51. a6 Rf2 52. Rb7 Kg8 53. a7 Ra2 1-0